Estudios de la literatura peruana : (Registro nro. 12661)

Detalles MARC
000 -LEADER
campo de control de longitud fija 02938cam a22005414i 4500
003 - IDENTIFICADOR DE NÚMERO DE CONTROL
campo de control PE-LiUPU
005 - FECHA Y HORA DE LA ÚLTIMA TRANSACCIÓN
campo de control 20250731184511.0
008 - DATOS DE LONGITUD FIJA--INFORMACIÓN GENERAL
campo de control de longitud fija 150617s1962 sp r 000 0 spa d
035 ## - NÚMERO DE CONTROL DEL SISTEMA
Número de control de sistema (Sirsi) a16380
040 ## - FUENTE DE CATALOGACIÓN
Centro catalogador/agencia de origen PE-LiUPU
Lengua de catalogación spa
Centro/agencia transcriptor PE-LiUPU
Centro/agencia modificador PE-LiUPU
Normas de descripción rda
049 ## - FONDOS LOCALES (OCLC)
Biblioteca depositaria PRUA
082 04 - NÚMERO DE LA CLASIFICACIÓN DECIMAL DEWEY
Número de clasificación 985.001
Cutter R616e
Número de edición 21
100 1# - ENTRADA PRINCIPAL--NOMBRE DE PERSONA
Nombre de persona Riva-Agüero y Osma, José de la,
Fechas asociadas al nombre 1885-1944.
Término indicativo de función/relación autor
9 (RLIN) 2249
245 10 - MENCIÓN DEL TÍTULO
Título Estudios de la literatura peruana :
Resto del título Carácter de la literatura del Perú independiente /
Mención de responsabilidad, etc. José de la Riva-Agüero ; introducción general de Víctor Andrés Belaunde ; prólogo de José Jiménez Borja ; notas de César Pacheco Vélez y Enrique Carrión Ordoñez con un ensayo crítico de D. Miguel de Unamuno.
264 #1 - PRODUCCIÓN, PUBLICACIÓN, DISTRIBUCIÓN, FABRICACIÓN Y COPYRIGHT
Producción, publicación, distribución, fabricación y copyright Lima :
Nombre del de productor, editor, distribuidor, fabricante Pontificia Universidad Católica del Perú,
Fecha de producción, publicación, distribución, fabricación o copyright 1962.
300 ## - DESCRIPCIÓN FÍSICA
Extensión 384 páginas ;
Otras características físicas facsímiles, retratos ;
Dimensiones 22 centímetros.
336 ## - TIPO DE CONTENIDO
Término de tipo de contenido text
Fuente rdacontent
337 ## - TIPO DE MEDIO
Nombre/término del tipo de medio unmediated
Fuente rdamedia
338 ## - TIPO DE SOPORTE
Nombre/término del tipo de soporte volume
Fuente rdacarrier
490 0# - MENCIÓN DE SERIE
Mención de serie (Obras completas de José de la Riva-Agüero ;
Designación de volumen o secuencia I)
490 0# - MENCIÓN DE SERIE
Mención de serie (Publicaciones del Instituto Riva-Agüero ;
Designación de volumen o secuencia 40)
504 ## - NOTA DE BIBLIOGRAFÍA, ETC.
Nota de bibliografía, etc. Incluye referencias bibliográficas.
505 0# - NOTA DE CONTENIDO CON FORMATO
Nota de contenido con formato Carácter literario de los peruanos -- Sus factores -- Limitación en la literatura peruana -- Literatura peruana colonial -- Melgar -- Olmedo -- Larriva -- Valdés -- Prosistas de los primeros años de la Independencia -- Don José María del Pando -- Influencia de Mora -- Don Felipe Pardo y Aliaga -- Don José Pardo y Aliaga -- Don Manuel A. Segura -- El romanticismo en el Perú -- Fernando Velarde -- Corpancho -- García -- Salaverry -- Althaus -- Márquez -- Cisneros -- Carrasco -- Juan de Arona -- Ricardo Palma -- Lavalle -- Escritores secundarios -- Doña Juana Manuel Gorriti -- Llona -- J.V. Camacho -- Samuel Velarde -- González Prada -- Clorinda Matto de Turner -- Mercedes Cabello de Carbonera -- Ricardo Rossel -- La generación actual -- Consideraciones generales.
Información miscelánea --
526 ## - NOTA DE INFORMACIÓN SOBRE EL PROGRAMA DE ESTUDIO
Nombre del programa Doctorado En Educación Con Mención En Currículo Y Docencia (A Distancia)
526 ## - NOTA DE INFORMACIÓN SOBRE EL PROGRAMA DE ESTUDIO
Nombre del programa Doctorado En Educación Con Mención En Currículo Y Docencia (Semipresencial)
526 ## - NOTA DE INFORMACIÓN SOBRE EL PROGRAMA DE ESTUDIO
Nombre del programa Doctorado En Educación Con Mención En Gestión Educativa (A Distancia)
526 ## - NOTA DE INFORMACIÓN SOBRE EL PROGRAMA DE ESTUDIO
Nombre del programa Doctorado En Educación Con Mención En Gestión Educativa (Semipresencial)
526 ## - NOTA DE INFORMACIÓN SOBRE EL PROGRAMA DE ESTUDIO
Nombre del programa Derecho semipresencial
526 ## - NOTA DE INFORMACIÓN SOBRE EL PROGRAMA DE ESTUDIO
Nombre del programa Derecho presencial
526 ## - NOTA DE INFORMACIÓN SOBRE EL PROGRAMA DE ESTUDIO
Nombre del programa Maestría en teología histórica
526 ## - NOTA DE INFORMACIÓN SOBRE EL PROGRAMA DE ESTUDIO
Nombre del programa Teología
526 ## - NOTA DE INFORMACIÓN SOBRE EL PROGRAMA DE ESTUDIO
Nombre del programa Educación primaria
526 ## - NOTA DE INFORMACIÓN SOBRE EL PROGRAMA DE ESTUDIO
Nombre del programa Educación secundaria, especialidad lingüística e inglés
526 ## - NOTA DE INFORMACIÓN SOBRE EL PROGRAMA DE ESTUDIO
Nombre del programa Educación secundaria, especialidad ambiental, biología y química
526 ## - NOTA DE INFORMACIÓN SOBRE EL PROGRAMA DE ESTUDIO
Nombre del programa Arquitectura
650 18 - PUNTO DE ACCESO ADICIONAL DE MATERIA--TÉRMINO DE MATERIA
Término de materia o nombre geográfico como elemento de entrada Literatura Peruana
Subdivisión general Historia y crítica.
9 (RLIN) 2261
700 ## - ENTRADA AGREGADA--NOMBRE PERSONAL
Nombre de persona Belaúnde, Víctor Andrés,
Fechas asociadas al nombre 1883-1966.
9 (RLIN) 2250
700 ## - ENTRADA AGREGADA--NOMBRE PERSONAL
Nombre de persona Jiménez Borja, José,
Fechas asociadas al nombre 1901-1982.
9 (RLIN) 2251
700 ## - ENTRADA AGREGADA--NOMBRE PERSONAL
Nombre de persona Pacheco Vélez, César,
Fechas asociadas al nombre 1929-1989.
9 (RLIN) 2252
700 ## - ENTRADA AGREGADA--NOMBRE PERSONAL
Nombre de persona Carrión Ordoñez, Enrique,
Fechas asociadas al nombre 1934-2014.
9 (RLIN) 2253
700 ## - ENTRADA AGREGADA--NOMBRE PERSONAL
Nombre de persona Unamuno, Miguel de,
Fechas asociadas al nombre 1864-1936.
9 (RLIN) 2254
710 ## - ENTRADA AGREGADA--NOMBRE DE ENTIDAD CORPORATIVA
Nombre de entidad corporativa o nombre de jurisdicción como elemento de entrada Pontificia Universidad Católica del Perú.
9 (RLIN) 2255
910 ## - DATOS DE OPCIÓN DEL USUARIO (OCLC)
Datos de opción del usuario jck
942 ## - ELEMENTOS DE ENTRADA SECUNDARIOS (KOHA)
Fuente del sistema de clasificación o colocación Clasificación Decimal Dewey
Tipo de ítem Koha Libros físicos
949 ## - PROCESAMIENTO DE INFORMACIÓN LOCAL (OCLC)
a 868 D34
w DEWEY
c 1
i 04697
l CCODEBUL1
m BUL
p 16
r 0
s Y
t BOOK
u 2015-04-21
x EDUCACION
z UNKNOWN
0 COMPRA
o .STAFF. Colección Ciencias Humanas y Educación
980 ## - EQUIVALENCIA O REFERENCIA-CRUZADA-MENCIÓN DE SERIE--NOMBRE DE PERSONA/TÍTULO [LOCAL, CANADÁ]
ID del último usuario que modificó el registro 1
Nombre del último usuario que modificó el registro ALBERTO SANCHEZ Responsable de Automatización
Existencias
Visto por última vez Número de inventario Total de préstamos Signatura topográfica completa Código de barras Copia número Coste, precio de reemplazo Fecha de reemplazo Facultad Tipo de ítem Koha Nota pública Estado de pérdida Fuente del sistema de clasificación o colocación Especificación de materiales (volumen encuadernado u otra parte) Restricciones de uso No para préstamo Colección Programa académico Biblioteca de origen Biblioteca actual Ubicación en estantería Fecha de adquisición Fuente de adquisición Coste, precio normal de compra
2025-12-03 8   985.001 R616e 04697 e1 21.00 2015-04-21 FACIHED Libros físicos inventario-2023-12-13 No Perdido Clasificación Decimal Dewey v1 No restringido Disponible para préstamos Colección General Educación secundaria, especialidad lingüística e inglés Biblioteca CRAI UPeU Lima Biblioteca CRAI UPeU Lima Sala principal 2015-04-21 COMPRA 16.00